000 00492cam a22002171 4500
001 sa 65000721
003 DLC
005 20260227112104.0
008 890829s1960 bg 000 0 beno
010 _asa 65000721
035 _a(OCoLC)20276913
040 _aDLC
_cWaU
_dDLC
042 _apremarc
050 0 0 _aPK1718.I84
_bA69
100 1 _aIslam, Muzharul.
245 1 0 _aAgnisnāna.
260 _c[1960]
300 _a121 p.
_c18 cm.
500 _aIn Bengali.
500 _aA play.
999 _c61696
_d61696